Normal view
MARC view
Entry Meeting Name
001 - CONTROL NUMBER
- control field: 32021
003 - CONTROL NUMBER IDENTIFIER
- control field: OSt
005 - DATE AND TIME OF LATEST TRANSACTION
- control field: 20211105135500.0
008 - FIXED-LENGTH DATA ELEMENTS
- fixed length control field: 211105|| aca||aabn | a|a d
040 ## - CATALOGING SOURCE
- Original cataloging agency: OSt
- Transcribing agency: OSt
111 ## - HEADING--MEETING NAME
- Meeting name or jurisdiction name as entry element: Conference on Island Universes
- Location of meeting: Netherlands
- Date of meeting or treaty signing: 2005 July 3 -8
670 ## - SOURCE DATA FOUND
- Source citation: Work cat.: (OSt): Conference on Island Universes Netherlands 2005 July 3 -8, Island universes-structure and evolution of disk galaxies, 2007